01351 2200541 4500001002100000005001500021035002000036245008000056100001800136250000600154300003500160700001300195260003200208082000800240084001400248020002200262650001500284990001700299990001700316990001700333990001700350990001700367990001700384990001700401990001700418990001700435990001700452990001700469990001700486990001700503990001700520990001700537990001700554990001700571990001700588990001700605990001700622990001700639990001700656990001700673990001700690990001700707990001700724990001700741990001700758990001700775990001700792INLIS00000000000101620190410123443 a0010-04190000251 aKisah Dado dan Lebah Madu yang Bijaksana /cPutri Lestari; Editor, Purwanto0 aPutri Lestari a- aiv, 60 hlm. :bilus. ;c21 cm.0 aPurwanto aJakarta :bPT Albama,c2009 a638 a638 PUT k a978-979-3168-15-9 aLebah Madu a03739/P/2018 a03740/P/2018 a03741/P/2018 a03742/P/2018 a03743/P/2018 a03743/P/2018 a03739/P/2018 a03740/P/2018 a03741/P/2018 a03742/P/2018 a03742/P/2018 a03739/P/2018 a03740/P/2018 a03741/P/2018 a03743/P/2018 a03741/P/2018 a03739/P/2018 a03740/P/2018 a03742/P/2018 a03743/P/2018 a03740/P/2018 a03739/P/2018 a03741/P/2018 a03742/P/2018 a03743/P/2018 a03739/P/2018 a03740/P/2018 a03741/P/2018 a03742/P/2018 a03743/P/2018